[Event "ESP-ch Amateurs U2300"]
[Site "Murcia"]
[Date "2022.08.31"]
[Round "3.4"]
[White "Atienza Alvarez, Javier"]
[Black "Beltran de Heredia Eguiaz, Miguel Angel"]
[Result "0-1"]
[WhiteElo "2054"]
[BlackElo "2236"]
[PlyCount "74"]
[EventDate "2022.08.30"]
[EventType "swiss"]
[EventRounds "7"]
[EventCountry "ESP"]
[SourceTitle "EXT 2024"]
[Source "ChessBase"]
[SourceDate "2023.10.10"]
[SourceVersion "1"]
[SourceVersionDate "2023.10.10"]
[SourceQuality "1"]

1. d4 Nf6 2. c4 e6 3. Nf3 d5 4. g3 dxc4 5. Bg2 Nc6 6. Qa4 Bb4+ 7. Bd2 Nd5 8. Bxb4 Ndxb4 9. Na3 Rb8 10. Qb5 Qd5 11. 0-0 Qxb5 12. Nxb5 a6 13. Nxc7+ Kd8 14. a3 Kxc7 15. axb4 b5 16. Rfd1 Nxb4 17. Rac1 Kb6 18. b3 Na2 19. Rc2 cxb3 20. Rb2 a5 21. Rxb3 Nb4 22. Rdb1 f6 23. Nd2 Rd8 24. e3 e5 25. d5 f5 26. e4 fxe4 27. Nxe4 Bf5 28. Rd1 g6 29. Rc3 Rxd5 30. Rxd5 Nxd5 31. Rc1 Bxe4 32. Bxe4 Nb4 33. Kf1 Rd8 34. Ke2 a4 35. Rc3 Rd4 36. f3 Nd5 37. Rc8 a3 0-1

[Event "Madrid-chT 2021"]
[Site "Madrid"]
[Date "2021.05.15"]
[Round "11.3"]
[White "Beltran de Heredia Eguiaz, Miguel Angel"]
[Black "Martinez Fernandez, Raul"]
[Result "1/2-1/2"]
[WhiteElo "2199"]
[BlackElo "2169"]
[PlyCount "56"]
[EventDate "2021.01.23"]
[EventType "team-tourn"]
[EventRounds "14"]
[EventCountry "ESP"]
[SourceTitle "EXT 2022"]
[Source "ChessBase"]
[SourceDate "2021.10.06"]
[SourceVersion "1"]
[SourceVersionDate "2021.10.06"]
[SourceQuality "1"]
[WhiteTeam "Vallecas CDV"]
[BlackTeam "San Sebastian de los Reyes"]
[WhiteTeamCountry "ESP"]
[BlackTeamCountry "ESP"]

1. e4 e5 2. Nf3 Nc6 3. Bb5 a6 4. Ba4 Nf6 5. 0-0 b5 6. Bb3 Bc5 7. c3 d6 8. a4 Rb8 9. d4 Bb6 10. a5 Ba7 11. h3 0-0 12. Be3 exd4 13. cxd4 d5 14. e5 Ne4 15. Nc3 Nxc3 16. bxc3 Ne7 17. Bg5 Be6 18. Bc2 Qd7 19. Qd2 Ng6 20. h4 f6 21. exf6 gxf6 22. Bh6 Rf7 23. h5 Ne7 24. Ne5 fxe5 25. Qg5+ Kh8 26. Qxe5+ Kg8 27. Qg5+ Kh8 28. Qe5+ Kg8 1/2-1/2

[Event "Madrid-chT 2021"]
[Site "Madrid"]
[Date "2021.04.11"]
[Round "7.3"]
[White "Beltran de Heredia Eguiaz, Miguel Angel"]
[Black "Renteria Becerra, Jorge Elicer"]
[Result "1/2-1/2"]
[WhiteElo "2199"]
[BlackElo "2262"]
[PlyCount "99"]
[EventDate "2021.01.23"]
[EventType "team-tourn"]
[EventRounds "14"]
[EventCountry "ESP"]
[SourceTitle "EXT 2022"]
[Source "ChessBase"]
[SourceDate "2021.10.06"]
[SourceVersion "1"]
[SourceVersionDate "2021.10.06"]
[SourceQuality "1"]
[WhiteTeam "Vallecas CDV"]
[BlackTeam "Blanco y Negro"]
[WhiteTeamCountry "ESP"]
[BlackTeamCountry "ESP"]

1. e4 c5 2. Nf3 d6 3. d4 cxd4 4. Nxd4 Nf6 5. Nc3 a6 6. h4 e5 7. Nb3 Be6 8. f4 exf4 9. Bxf4 Nc6 10. Qd2 Be7 11. 0-0-0 Ne5 12. Nd4 Qc7 13. g3 b5 14. Nxe6 fxe6 15. Bxb5+ axb5 16. Nxb5 Qc5 17. Nxd6+ Kf8 18. a3 Rd8 19. Nb7 Rxd2 20. Nxc5 Rxd1+ 21. Rxd1 Kf7 22. Bxe5 Bxc5 23. b4 Be7 24. Bxf6 gxf6 25. c4 Rg8 26. c5 Rxg3 27. Kb2 f5 28. exf5 exf5 29. c6 Bf6+ 30. Ka2 Rc3 31. b5 Be7 32. Kb2 Rc5 33. a4 Rc4 34. Kb3 Rc5 35. h5 Kf6 36. Rd4 Ke5 37. Rc4 Rxc4 38. Kxc4 Kd6 39. a5 Bd8 40. a6 Bb6 41. Kd3 Kc7 42. Ke2 Kb8 43. Kf3 Bc7 44. b6 Bxb6 45. Kf4 Kc7 46. Kxf5 Kxc6 47. Kf6 Kb5 48. Kg7 Kxa6 49. Kxh7 Bd4 50. Kg8 1/2-1/2

[Event "Madrid-chT 2021"]
[Site "Madrid"]
[Date "2021.03.07"]
[Round "3.3"]
[White "Almagro Llamas, Pablo"]
[Black "Beltran de Heredia Eguiaz, Miguel Angel"]
[Result "1-0"]
[WhiteElo "2423"]
[BlackElo "2199"]
[PlyCount "89"]
[EventDate "2021.01.23"]
[EventType "team-tourn"]
[EventRounds "14"]
[EventCountry "ESP"]
[SourceTitle "EXT 2022"]
[Source "ChessBase"]
[SourceDate "2021.10.06"]
[SourceVersion "1"]
[SourceVersionDate "2021.10.06"]
[SourceQuality "1"]
[WhiteTeam "Virgen de Atocha"]
[BlackTeam "Vallecas CDV"]
[WhiteTeamCountry "ESP"]
[BlackTeamCountry "ESP"]

1. e4 c5 2. Nf3 e6 3. b3 Nc6 4. Bb2 d6 5. d4 cxd4 6. Nxd4 Nf6 7. Nxc6 bxc6 8. e5 dxe5 9. Qxd8+ Kxd8 10. Bxe5 Bc5 11. Be2 Ke7 12. Bf3 Ba6 13. c4 Rad8 14. 0-0 Rd3 15. Nc3 Bb7 16. Na4 Bd4 17. Bxd4 Rxd4 18. Rfe1 Rhd8 19. Re5 Nd7 20. Ra5 a6 21. Kf1 e5 22. Rd1 f6 23. Rxd4 exd4 24. Ke2 Ne5 25. Nc5 Bc8 26. Be4 g6 27. f4 Ng4 28. h3 Ne3 29. Bxc6 Bf5 30. Rxa6 d3+ 31. Kxe3 d2 32. Bf3 d1Q 33. Bxd1 Rxd1 34. Ra7+ Kd6 35. Ne4+ Bxe4 36. Kxe4 f5+ 37. Ke3 Re1+ 38. Kf2 Ra1 39. Kg3 Kc5 40. Rxh7 Rxa2 41. Rh6 Rb2 42. Rxg6 Rxb3+ 43. Kh4 Kxc4 44. Kg5 Rb5 45. h4 1-0

[Event "ESP-ch 85th"]
[Site "Linares"]
[Date "2020.09.03"]
[Round "4"]
[White "Carmona Huertas, Juan Antonio"]
[Black "Beltran de Heredia Eguiaz, Miguel Angel"]
[Result "0-1"]
[WhiteElo "2012"]
[BlackElo "2210"]
[PlyCount "49"]
[EventDate "2020.08.31"]
[EventType "swiss"]
[EventRounds "9"]
[EventCountry "ESP"]
[SourceTitle "EXT 2021"]
[Source "ChessBase"]
[SourceDate "2020.10.23"]
[SourceVersion "1"]
[SourceVersionDate "2020.10.23"]
[SourceQuality "1"]

1. e4 c5 2. Nf3 e6 3. d4 cxd4 4. Nxd4 Nc6 5. Nc3 Qc7 6. g4 a6 7. Bg2 Nge7 8. Nde2 Ng6 9. h4 Be7 10. g5 h5 11. Be3 b5 12. Ng3 Bb7 13. Nxh5 0-0-0 14. f4 d5 15. exd5 Nb4 16. Qe2 Rxh5 17. 0-0-0 Nxf4 18. Qf2 Nxg2 19. Bb6 Qf4+ 20. Qxf4 Nxf4 21. Bxd8 Bxd8 22. Rhf1 Rxh4 23. dxe6 fxe6 24. a3 Nbd5 25. Ne4 0-1

[Event "Madrid-ch final"]
[Site "Madrid"]
[Date "2020.07.22"]
[Round "5"]
[White "Solaesa Navalpotro, Luis Julio"]
[Black "Beltran de Heredia Eguiaz, Miguel Angel"]
[Result "1/2-1/2"]
[WhiteElo "2240"]
[BlackElo "2178"]
[PlyCount "31"]
[EventDate "2020.07.18"]
[EventType "swiss"]
[EventRounds "7"]
[EventCountry "ESP"]
[SourceTitle "EXT 2021"]
[Source "ChessBase"]
[SourceDate "2020.10.23"]
[SourceVersion "1"]
[SourceVersionDate "2020.10.23"]
[SourceQuality "1"]

1. Nf3 Nf6 2. b3 g6 3. Bb2 Bg7 4. g3 0-0 5. Bg2 d6 6. d4 e5 7. dxe5 Ng4 8. Nbd2 Nc6 9. 0-0 Ngxe5 10. Qc1 Qe7 11. Nxe5 Nxe5 12. c4 Bg4 13. Re1 Rae8 14. Qc2 Nc6 15. Bxg7 Kxg7 16. e3 1/2-1/2

[Event "ESP-ch rapid"]
[Site "Linares"]
[Date "2019.08.24"]
[Round "8"]
[White "Beltran de Heredia Eguiaz, Miguel Angel"]
[Black "Habans Aguerrea, Javier"]
[Result "0-1"]
[WhiteElo "2216"]
[BlackElo "2062"]
[PlyCount "110"]
[EventDate "2019.08.24"]
[EventType "swiss (rapid)"]
[EventRounds "9"]
[EventCountry "ESP"]
[SourceTitle "EXT 2020"]
[Source "ChessBase"]
[SourceDate "2019.10.17"]
[SourceVersion "1"]
[SourceVersionDate "2019.10.17"]
[SourceQuality "1"]

1. e4 c5 2. Nf3 Nc6 3. Nc3 Nf6 4. d4 cxd4 5. Nxd4 e5 6. Ndb5 d6 7. Bg5 a6 8. Na3 Be6 9. Nc4 Rb8 10. Nd5 Bxd5 11. exd5 Ne7 12. Bxf6 gxf6 13. Be2 f5 14. a4 Bg7 15. 0-0 0-0 16. c3 Kh8 17. a5 f4 18. Nb6 f5 19. Ra4 Bf6 20. Kh1 Rg8 21. g3 Bg5 22. Rg1 Qe8 23. Bh5 Ng6 24. Rc4 Qe7 25. Re1 Qg7 26. Qa4 Rbd8 27. Qc2 fxg3 28. fxg3 f4 29. Bxg6 hxg6 30. Qe4 Rdf8 31. h4 Bf6 32. gxf4 Bxh4 33. Rf1 Bg3 34. Kg2 Rxf4 35. Rh1+ Qh7 36. Rxh7+ Kxh7 37. Rc7+ Kh6 38. Qe3 Bh4 39. Rc4 g5 40. Qh3 Rf2+ 41. Kg1 Rxb2 42. Kf1 Rf8+ 43. Kg1 Rb1+ 44. Kh2 Rf2+ 45. Qg2 Rxg2+ 46. Kxg2 Ra1 47. Rc7 Rxa5 48. Rd7 Kh5 49. Rxd6 Kg4 50. Rf6 Ra2+ 51. Kf1 Kg3 52. d6 g4 53. Rf8 Rd2 54. d7 Kh3 55. Rh8 g3 0-1

[Event "Madrid-chT 1819"]
[Site "Madrid"]
[Date "2019.02.24"]
[Round "11.5"]
[White "Hernandez Ramos, David"]
[Black "Beltran de Heredia Eguiaz, Miguel Angel"]
[Result "1-0"]
[WhiteElo "2071"]
[BlackElo "2230"]
[PlyCount "39"]
[EventDate "2018.11.17"]
[EventType "team-tourn"]
[EventRounds "14"]
[EventCountry "ESP"]
[SourceTitle "CBM 189 Extra"]
[Source "ChessBase"]
[SourceDate "2019.06.03"]
[SourceVersion "1"]
[SourceVersionDate "2019.06.03"]
[SourceQuality "1"]
[WhiteTeam "San Sebastian de los Reyes"]
[BlackTeam "Blanco y Negro"]
[WhiteTeamCountry "ESP"]
[BlackTeamCountry "ESP"]

1. d4 Nf6 2. c4 e6 3. Nc3 c5 4. d5 exd5 5. cxd5 Bd6 6. e4 0-0 7. Bd3 Re8 8. Nge2 Bc7 9. Ng3 d6 10. 0-0 Nbd7 11. f4 c4 12. Bxc4 Bb6+ 13. Kh1 Nc5 14. Qc2 Ng4 15. h3 Qh4 16. Rf3 Bf5 17. Nxf5 Qe1+ 18. Rf1 Nxe4 19. Nxe4 Rxe4 20. hxg4 1-0

[Event "Madrid-chT 1819"]
[Site "Madrid"]
[Date "2018.11.17"]
[Round "1.5"]
[White "Longa Yauca, Javier"]
[Black "Beltran de Heredia Eguiaz, Miguel Angel"]
[Result "1/2-1/2"]
[WhiteElo "2271"]
[BlackElo "2230"]
[PlyCount "60"]
[EventDate "2018.11.17"]
[EventType "team-tourn"]
[EventRounds "14"]
[EventCountry "ESP"]
[SourceTitle "CBM 189 Extra"]
[Source "ChessBase"]
[SourceDate "2019.06.03"]
[SourceVersion "1"]
[SourceVersionDate "2019.06.03"]
[SourceQuality "1"]
[WhiteTeam "Villalba 64"]
[BlackTeam "Blanco y Negro"]
[WhiteTeamCountry "ESP"]
[BlackTeamCountry "ESP"]

1. d4 Nf6 2. Nf3 e6 3. Bg5 c5 4. c3 d5 5. e3 Qb6 6. Qb3 Ne4 7. Nbd2 Nxg5 8. Nxg5 Be7 9. h4 Nc6 10. Be2 Bd7 11. f4 Qc7 12. g3 Rc8 13. Kf2 f6 14. Ngf3 0-0 15. Kg2 c4 16. Qc2 f5 17. h5 b5 18. Rag1 b4 19. Kf2 bxc3 20. bxc3 Rb8 21. g4 e5 22. Nxe5 Nxe5 23. dxe5 fxg4 24. Bxg4 Bc5 25. Ke2 Bxe3 26. Bxd7 Rxf4 27. Be6+ Kh8 28. Nf3 Rxf3 29. Kxf3 Rf8+ 30. Kg2 Qxe5 1/2-1/2

[Event "ESP-ch rapid"]
[Site "Linares"]
[Date "2018.08.19"]
[Round "2"]
[White "Beltran de Heredia Eguiaz, Miguel Angel"]
[Black "Santos Latasa, Jaime"]
[Result "0-1"]
[WhiteElo "2229"]
[BlackElo "2582"]
[PlyCount "80"]
[EventDate "2018.08.19"]
[EventType "swiss (rapid)"]
[EventRounds "9"]
[EventCountry "ESP"]
[SourceTitle "CBM 186 Extra"]
[Source "ChessBase"]
[SourceDate "2018.08.24"]
[SourceVersion "1"]
[SourceVersionDate "2018.08.24"]
[SourceQuality "1"]

1. e4 c6 2. Nc3 d5 3. Nf3 dxe4 4. Nxe4 Nf6 5. Qe2 Nxe4 6. Qxe4 Qd5 7. Qh4 Qe6+ 8. Be2 Qg4 9. Qg3 Qxg3 10. hxg3 Bf5 11. d3 Nd7 12. Nh4 Be6 13. Be3 g6 14. Bd4 Nf6 15. 0-0-0 Bg7 16. g4 Rd8 17. Bc3 0-0 18. g5 Nd5 19. Bxg7 Kxg7 20. g3 a5 21. Kb1 a4 22. a3 b5 23. c3 c5 24. d4 c4 25. Bf3 Bc8 26. Rhe1 e6 27. Bg2 Bb7 28. f4 h6 29. gxh6+ Kxh6 30. Nf3 Kg7 31. Ng5 Nxc3+ 32. bxc3 Bxg2 33. Rd2 Bd5 34. Rh2 Rh8 35. Ree2 Rxh2 36. Rxh2 f6 37. Rh7+ Kg8 38. Rh8+ Kxh8 39. Nf7+ Kg7 40. Nxd8 Kf8 0-1

[Event "ESP-ch rapid"]
[Site "Linares"]
[Date "2018.08.19"]
[Round "9"]
[White "Ordonez Torres, Jesus"]
[Black "Beltran de Heredia Eguiaz, Miguel Angel"]
[Result "0-1"]
[WhiteElo "1989"]
[BlackElo "2229"]
[PlyCount "198"]
[EventDate "2018.08.19"]
[EventType "swiss (rapid)"]
[EventRounds "9"]
[EventCountry "ESP"]
[SourceTitle "CBM 186 Extra"]
[Source "ChessBase"]
[SourceDate "2018.08.24"]
[SourceVersion "1"]
[SourceVersionDate "2018.08.24"]
[SourceQuality "1"]

1. e4 c5 2. Nf3 d6 3. d4 cxd4 4. Nxd4 Nf6 5. Nc3 Nc6 6. f3 e5 7. Nb3 Be6 8. Bg5 Be7 9. Bxf6 Bxf6 10. Nd5 Bg5 11. Be2 0-0 12. 0-0 Rc8 13. c3 Kh8 14. Qd3 Ne7 15. Nxe7 Qxe7 16. Rad1 Rfd8 17. Kh1 g6 18. Qb5 a6 19. Qa5 Kg7 20. Qa3 d5 21. Qxe7 Bxe7 22. Bd3 Rc7 23. exd5 Bxd5 24. Bc2 Rcd7 25. a3 b6 26. Nc1 Bc4 27. Rxd7 Rxd7 28. Rd1 Rxd1+ 29. Bxd1 Bg5 30. Ne2 a5 31. b3 Bd3 32. c4 Bd2 33. Kg1 f5 34. Kf2 f4 35. g4 g5 36. Ng1 h6 37. Nh3 Kf6 38. Kg2 Be3 39. Nf2 Bxf2 40. Kxf2 e4 41. fxe4 Bxe4 42. b4 axb4 43. axb4 Ke5 44. Be2 Kd4 45. Bf1 Bc2 46. Be2 Bb3 47. c5 bxc5 48. bxc5 Kxc5 49. Bd3 Kd4 50. Bf5 Bd5 51. Bd7 Ke5 52. Bb5 Bf7 53. Be2 Be6 54. Bf3 Kf6 55. Bd1 Bd5 56. Be2 Ke5 57. Bd1 Bc6 58. Be2 Bd7 59. Bd1 Kf6 60. Be2 h5 61. h3 hxg4 62. hxg4 Bc6 63. Bd1 Ke5 64. Be2 Kd4 65. Bd1 Kd3 66. Bb3 Kd2 67. Be6 Kd3 68. Bf5+ Kd4 69. Bc8 Be4 70. Bd7 Bb7 71. Be6 Ke4 72. Bf5+ Ke5 73. Bd7 Bd5 74. Ba4 Ke4 75. Bc2+ Kd4 76. Bf5 Ke5 77. Bc2 Be6 78. Bd1 Kd4 79. Be2 Kc3 80. Bd1 Kd2 81. Be2 Bd5 82. Bb5 Be4 83. Bd7 Bd5 84. Bc8 Kd3 85. Bf5+ Kd4 86. Bc8 Ke5 87. Bd7 Be6 88. Bc6 Bxg4 89. Bb7 Bf5 90. Bc6 g4 91. Bb5 Be4 92. Ba6 g3+ 93. Ke2 Kd4 94. Bc8 f3+ 95. Kf1 Ke3 96. Bh3 Bd3+ 97. Kg1 f2+ 98. Kh1 Be4+ 99. Bg2 f1Q# 0-1

[Event "ESP-ch rapid"]
[Site "Linares"]
[Date "2018.08.19"]
[Round "5"]
[White "Perdomo Araujo, Angel Eduardo"]
[Black "Beltran de Heredia Eguiaz, Miguel Angel"]
[Result "1-0"]
[WhiteElo "2100"]
[BlackElo "2229"]
[PlyCount "109"]
[EventDate "2018.08.19"]
[EventType "swiss (rapid)"]
[EventRounds "9"]
[EventCountry "ESP"]
[SourceTitle "CBM 186 Extra"]
[Source "ChessBase"]
[SourceDate "2018.08.24"]
[SourceVersion "1"]
[SourceVersionDate "2018.08.24"]
[SourceQuality "1"]

1. e4 c5 2. Nf3 d6 3. Nc3 Nf6 4. d4 cxd4 5. Nxd4 Nc6 6. g3 Bd7 7. Bg2 a6 8. 0-0 e6 9. Re1 Qc7 10. Nd5 Nxd5 11. exd5 Nxd4 12. Qxd4 e5 13. f4 f6 14. fxe5 fxe5 15. c4 Be7 16. Qd3 Rc8 17. b3 b5 18. cxb5 Bxb5 19. Qf5 g6 20. Qg4 Bd7 21. Qe2 Bb5 22. Qg4 Bd7 23. Qe4 0-0 24. Be3 Qa5 25. g4 Bh4 26. Rf1 g5 27. a4 Qc3 28. b4 Kg7 29. Rac1 Qb3 30. Rxc8 Rxf1+ 31. Bxf1 Bxc8 32. Bd3 Qd1+ 33. Kg2 Kf6 34. Qf3+ Qxf3+ 35. Kxf3 h6 36. b5 axb5 37. Bxb5 Be1 38. Bb6 e4+ 39. Kxe4 Bxg4 40. a5 Bf5+ 41. Ke3 Bxa5 42. Bxa5 Ke5 43. Bc6 Bb1 44. Bc3+ Kf5 45. Bb5 Ba2 46. Kd4 h5 47. Bb4 h4 48. Bd7+ Kg6 49. Bxd6 Bb3 50. h3 Bd1 51. Bg4 Bb3 52. Be5 Kf7 53. Kc5 Ba4 54. Kd6 Bb5 55. Kc7 1-0

[Event "Madrid-chT 1718"]
[Site "Madrid"]
[Date "2018.02.18"]
[Round "10.16"]
[White "Beltran de Heredia Eguiaz, Miguel Angel"]
[Black "Prada Lopez, Miguel Angel"]
[Result "1/2-1/2"]
[WhiteElo "2224"]
[BlackElo "2077"]
[PlyCount "118"]
[EventDate "2017.11.19"]
[EventType "team-tourn"]
[EventRounds "14"]
[EventCountry "ESP"]
[SourceTitle "EXT 2019"]
[Source "ChessBase"]
[SourceDate "2018.10.10"]
[SourceVersion "1"]
[SourceVersionDate "2018.10.10"]
[SourceQuality "1"]
[WhiteTeam "Blanco y Negro"]
[BlackTeam "Alcorcon"]
[WhiteTeamCountry "ESP"]
[BlackTeamCountry "ESP"]

1. e4 c5 2. Nf3 d6 3. d4 cxd4 4. Nxd4 Nf6 5. Nc3 g6 6. Be3 Bg7 7. f3 Nc6 8. Qd2 0-0 9. Bc4 Bd7 10. 0-0-0 Rc8 11. Bb3 Ne5 12. Kb1 a6 13. h4 h5 14. g4 hxg4 15. h5 Nxh5 16. Rdg1 e6 17. Bh6 Qf6 18. fxg4 Bxh6 19. Qxh6 Qg7 20. Qg5 Nf6 21. Rh3 Rc5 22. Rgh1 Nexg4 23. Nf5 exf5 24. Nd5 Rxd5 25. Bxd5 fxe4 26. Bxe4 Nxe4 27. Qe7 Re8 28. Qxd7 Nef6 29. Qxd6 Nh5 30. Qd7 Ngf6 31. Qxb7 Re6 32. a3 Qf8 33. Rc3 Qe7 34. Qb8+ Ne8 35. Rc8 Re1+ 36. Rxe1 Qxe1+ 37. Ka2 Nhf6 38. c4 Qe6 39. Qa8 Kg7 40. Rc6 Qe2 41. Qxa6 g5 42. c5 Qe4 43. Rc8 g4 44. Rd8 Nc7 45. Qf1 Qe6+ 46. Ka1 Ncd5 47. Qh1 Qe3 48. Rxd5 Nxd5 49. Qxd5 g3 50. c6 Qf4 51. Ka2 Kg6 52. Qc5 Qc7 53. b4 f5 54. Qc2 Kf6 55. b5 Qf7+ 56. Kb2 Qe7 57. Ka2 Qf7+ 58. Kb2 Qc7 59. Ka2 Qf7+ 1/2-1/2

[Event "Madrid-chT 1718"]
[Site "Madrid"]
[Date "2017.11.26"]
[Round "2.46"]
[White "Beltran de Heredia Eguiaz, Miguel Angel"]
[Black "Rodrigo Yanguas, Maria"]
[Result "1-0"]
[WhiteElo "2231"]
[BlackElo "2071"]
[PlyCount "75"]
[EventDate "2017.11.19"]
[EventType "team-tourn"]
[EventRounds "14"]
[EventCountry "ESP"]
[SourceTitle "EXT 2019"]
[Source "ChessBase"]
[SourceDate "2018.10.10"]
[SourceVersion "1"]
[SourceVersionDate "2018.10.10"]
[SourceQuality "1"]
[WhiteTeam "Blanco y Negro"]
[BlackTeam "Virgen de Atocha"]
[WhiteTeamCountry "ESP"]
[BlackTeamCountry "ESP"]

1. e4 e6 2. d4 d5 3. Nd2 Be7 4. Ngf3 Nf6 5. e5 Nfd7 6. Bd3 c5 7. c3 Nc6 8. 0-0 a5 9. a4 cxd4 10. cxd4 Nb4 11. Bb5 0-0 12. Nb1 Nb8 13. Nc3 N8c6 14. Be3 f5 15. exf6 Bxf6 16. Qd2 Ne7 17. Rfe1 Nf5 18. Bf4 Nc6 19. Ne2 Qb6 20. Red1 Bd7 21. Rac1 Be8 22. h3 Nh4 23. Nxh4 Bxh4 24. g3 Bf6 25. Qe3 Bf7 26. b3 e5 27. dxe5 Qxe3 28. Bxe3 Nxe5 29. Nd4 Rac8 30. f4 Ng6 31. Bd7 Rb8 32. Kf2 h5 33. Ne6 d4 34. Bxd4 Bxe6 35. Bxe6+ Kh8 36. Rc5 Nxf4 37. gxf4 Bh4+ 38. Kg2 1-0

[Event "Madrid-chT 1718"]
[Site "Madrid"]
[Date "2017.11.18"]
[Round "1.26"]
[White "Hinojar Diez, David"]
[Black "Beltran de Heredia Eguiaz, Miguel Angel"]
[Result "1-0"]
[WhiteElo "2099"]
[BlackElo "2231"]
[PlyCount "155"]
[EventDate "2017.11.19"]
[EventType "team-tourn"]
[EventRounds "14"]
[EventCountry "ESP"]
[SourceTitle "EXT 2019"]
[Source "ChessBase"]
[SourceDate "2018.10.10"]
[SourceVersion "1"]
[SourceVersionDate "2018.10.10"]
[SourceQuality "1"]
[WhiteTeam "Liberty Chess"]
[BlackTeam "Blanco y Negro"]
[WhiteTeamCountry "ESP"]
[BlackTeamCountry "ESP"]

1. e4 c5 2. Nf3 e6 3. d4 cxd4 4. Nxd4 Nc6 5. Nb5 d6 6. Be2 a6 7. Nd4 Nf6 8. Nc3 Be7 9. 0-0 0-0 10. a4 Bd7 11. Be3 Qc7 12. Nb3 b6 13. f4 Rfe8 14. Bd3 Rab8 15. Qe2 Bc8 16. Qf2 Nd7 17. Rad1 Bb7 18. Rd2 Nc5 19. Nd4 Bf8 20. Nxc6 Bxc6 21. b3 Qb7 22. Rfd1 Rec8 23. Kh1 Rc7 24. Bxc5 bxc5 25. Be2 g6 26. f5 Qb4 27. Qg3 Bg7 28. Rxd6 Rcc8 29. Na2 Qxe4 30. Bd3 Qe5 31. fxe6 fxe6 32. Bxa6 Rc7 33. Qxe5 Bxe5 34. Rxe6 Bd4 35. Bc4 Kg7 36. c3 Bf6 37. Rdd6 Bxa4 38. Rxf6 Bxb3 39. Bxb3 Rxb3 40. h3 Rb2 41. Ra6 Rxa2 42. Rxg6+ hxg6 43. Rxa2 Rc6 44. c4 Kf6 45. Rd2 Kf5 46. Rd5+ Kf4 47. Kg1 Rc8 48. Kf2 Rc6 49. g3+ Ke4 50. h4 Rc7 51. Kg2 Rc6 52. Kh3 Kf3 53. Rg5 Rd6 54. Rg4 Rf6 55. h5 gxh5 56. Rg5 Rc6 57. Rxh5 Ke4 58. Rd5 Kf3 59. Kh4 Rg6 60. Rf5+ Ke4 61. Rxc5 Kd4 62. Rg5 Rh6+ 63. Rh5 Rg6 64. c5 Ke4 65. g4 Kd4 66. Rf5 Rh6+ 67. Kg5 Rc6 68. Kf4 Re6 69. g5 Re4+ 70. Kf3 Re6 71. Kg4 Ke4 72. Rf6 Re8 73. g6 Ke5 74. Kg5 Ra8 75. g7 Ra1 76. Kg6 Ra8 77. Rf8 Ra6+ 78. Kg5 1-0

[Event "Madrid-chT 1617"]
[Site "Madrid"]
[Date "2017.03.19"]
[Round "14.22"]
[White "Nayhebaver, Martin"]
[Black "Beltran de Heredia Eguiaz, Miguel Angel"]
[Result "1/2-1/2"]
[WhiteElo "2437"]
[BlackElo "2224"]
[PlyCount "139"]
[EventDate "2016.11.20"]
[EventType "team-tourn"]
[EventRounds "14"]
[EventCountry "ESP"]
[SourceTitle "EXT 2018"]
[Source "ChessBase"]
[SourceDate "2017.10.13"]
[SourceVersion "1"]
[SourceVersionDate "2017.10.13"]
[SourceQuality "1"]
[WhiteTeam "64 Villalba"]
[BlackTeam "Blanco y Negro"]
[WhiteTeamCountry "ESP"]
[BlackTeamCountry "ESP"]

1. e4 c5 2. Nf3 e6 3. d4 cxd4 4. Nxd4 Nc6 5. Nc3 Nf6 6. Ndb5 d6 7. Bf4 e5 8. Bg5 a6 9. Na3 b5 10. Nd5 Qa5+ 11. Bd2 Qd8 12. Bd3 Be7 13. 0-0 Be6 14. c4 bxc4 15. Nxf6+ Bxf6 16. Bxc4 0-0 17. Bc3 Nd4 18. Bd5 Bxd5 19. exd5 Nb5 20. Nxb5 axb5 21. Qb3 Qd7 22. Bd2 Rfc8 23. Rac1 g6 24. a3 Bg7 25. Rfe1 h5 26. h3 Kf8 27. Re4 Rxc1+ 28. Bxc1 Rc8 29. Bd2 Ke7 30. a4 f5 31. Rb4 bxa4 32. Rxa4 Rc7 33. Ra6 Kf7 34. Qb8 Rb7 35. Rxd6 Qe7 36. Qc8 Rc7 37. Qd8 Bf6 38. Qxe7+ Bxe7 39. Rb6 Rd7 40. Rb5 e4 41. Kf1 Bf6 42. Ke2 Bd4 43. Bc3 Bxc3 44. bxc3 Kf6 45. f4 exf3+ 46. gxf3 Ke5 47. Ke3 f4+ 48. Kd3 g5 49. d6+ Kf6 50. Rd5 Ke6 51. Ke4 g4 52. hxg4 hxg4 53. fxg4 f3 54. Rd1 f2 55. Ke3 Rf7 56. Ke2 Kd7 57. Kf1 Rf3 58. Rd4 Rxc3 59. Kxf2 Ra3 60. Rd5 Rb3 61. Ke2 Ra3 62. Kf2 Rb3 63. Kg2 Ra3 64. g5 Rb3 65. g6 Rb8 66. Kf3 Rg8 67. Rg5 Kxd6 68. Kg4 Ke6 69. Kh5 Kf6 70. g7 1/2-1/2

[Event "Madrid-chT 1617"]
[Site "Madrid"]
[Date "2017.02.19"]
[Round "10.24"]
[White "Beltran de Heredia Eguiaz, Miguel Angel"]
[Black "Plazuelo Pascual, Juan"]
[Result "1/2-1/2"]
[WhiteElo "2224"]
[BlackElo "2307"]
[PlyCount "62"]
[EventDate "2016.11.20"]
[EventType "team-tourn"]
[EventRounds "14"]
[EventCountry "ESP"]
[SourceTitle "EXT 2018"]
[Source "ChessBase"]
[SourceDate "2017.10.13"]
[SourceVersion "1"]
[SourceVersionDate "2017.10.13"]
[SourceQuality "1"]
[WhiteTeam "Blanco y Negro"]
[BlackTeam "Virgen de Atocha"]
[WhiteTeamCountry "ESP"]
[BlackTeamCountry "ESP"]

1. e4 c5 2. Nf3 e6 3. d4 cxd4 4. Nxd4 Nc6 5. Nc3 Qc7 6. Be3 a6 7. Qd2 Nf6 8. 0-0-0 Be7 9. f3 b5 10. g4 Nxd4 11. Bxd4 Bb7 12. g5 Nh5 13. Be5 Qxe5 14. Qxd7+ Kf8 15. Qxb7 Qb8 16. Rd7 Qxb7 17. Rxb7 h6 18. g6 fxg6 19. a4 Kf7 20. Kb1 b4 21. Na2 a5 22. Bc4 Rab8 23. Ra7 Ra8 24. Rb7 Rhb8 25. Rd7 Rd8 26. Rhd1 Nf6 27. Rxd8 Rxd8 28. Rxd8 Bxd8 29. c3 bxc3 30. Nxc3 Bc7 31. h3 Ke7 1/2-1/2

[Event "Madrid-chT 1617"]
[Site "Madrid"]
[Date "2016.12.11"]
[Round "3.13"]
[White "Beltran de Heredia Eguiaz, Miguel Angel"]
[Black "Plazuelo Pascual, Juan"]
[Result "1/2-1/2"]
[WhiteElo "2224"]
[BlackElo "2307"]
[PlyCount "57"]
[EventDate "2016.11.20"]
[EventType "team-tourn"]
[EventRounds "14"]
[EventCountry "ESP"]
[SourceTitle "EXT 2018"]
[Source "ChessBase"]
[SourceDate "2017.10.13"]
[SourceVersion "1"]
[SourceVersionDate "2017.10.13"]
[SourceQuality "1"]
[WhiteTeam "Blanco y Negro"]
[BlackTeam "Virgen de Atocha"]
[WhiteTeamCountry "ESP"]
[BlackTeamCountry "ESP"]

1. e4 c5 2. Nf3 e6 3. d4 cxd4 4. Nxd4 Nc6 5. Nc3 Qc7 6. Be3 a6 7. Qd2 Nf6 8. 0-0-0 Be7 9. f3 b5 10. g4 Nxd4 11. Qxd4 Bb7 12. h4 Rc8 13. Rd2 h6 14. Rg1 Bc5 15. Qxc5 Qxc5 16. Bxc5 Rxc5 17. a3 Ke7 18. Bd3 g5 19. Rh2 Rg8 20. hxg5 hxg5 21. Re1 d6 22. Ne2 Re5 23. Ng3 d5 24. Rhe2 Rh8 25. exd5 Rxe2 26. Rxe2 Bxd5 27. Ne4 Bxe4 28. Bxe4 Nxe4 29. Rxe4 1/2-1/2